[Event "Badalona op 44th"]
[Site "Badalona"]
[Date "2018.08.05"]
[Round "5"]
[White "Ruiz Herrero, Victor"]
[Black "Mut Company, Guillem Joan"]
[Result "0-1"]
[WhiteElo "1773"]
[BlackElo "1898"]
[PlyCount "92"]
[EventDate "2018.08.01"]
[EventType "swiss"]
[EventRounds "9"]
[EventCountry "ESP"]
[SourceTitle "EXT 2019"]
[Source "ChessBase"]
[SourceDate "2018.10.10"]
[SourceVersion "1"]
[SourceVersionDate "2018.10.10"]
[SourceQuality "1"]

1. Nf3 d5 2. g3 Nf6 3. Bg2 c6 4. d3 Bf5 5. Nbd2 h6 6. 0-0 e6 7. e4 Bh7 8. Qe2 Be7 9. e5 Nfd7 10. Re1 0-0 11. Nf1 c5 12. Bf4 Nc6 13. h3 Rc8 14. h4 Re8 15. N1h2 Nb6 16. Ng4 Bf8 17. Bxh6 gxh6 18. Nf6+ Kh8 19. Ng5 Bg6 20. h5 hxg5 21. hxg6 fxg6 22. Qg4 Bh6 23. f4 Nd7 24. Nxe8 Qxe8 25. Qh3 Kg7 26. Kf2 Nd4 27. Rh1 Qh8 28. Bxd5 Nxe5 29. fxe5 Rf8+ 30. Kg2 exd5 31. Qd7+ Rf7 32. Qxd5 Nxc2 33. Qxc5 Nxa1 34. e6 Qf8 35. Qe5+ Rf6 36. Rf1 Qe7 37. Rxa1 Qxe6 38. Qc7+ Rf7 39. Qc3+ Qf6 40. Qc2 Qf3+ 41. Kg1 Qxg3+ 42. Kh1 Qh3+ 43. Kg1 g4 44. Qc3+ Kh7 45. Re1 Be3+ 46. Rxe3 Rf1# 0-1

[Event "Barcelona Espiga de les Corts-B 1st"]
[Site "Barcelona"]
[Date "2018.04.14"]
[Round "1.2"]
[White "Mut Company, Guillem Joan"]
[Black "Recio Reyes, Sergio"]
[Result "1-0"]
[WhiteElo "1907"]
[BlackElo "1803"]
[PlyCount "89"]
[EventDate "2018.04.14"]
[EventType "swiss"]
[EventRounds "9"]
[EventCountry "ESP"]
[SourceTitle "EXT 2024"]
[Source "ChessBase"]
[SourceDate "2023.10.10"]
[SourceVersion "1"]
[SourceVersionDate "2023.10.10"]
[SourceQuality "1"]

1. e4 e5 2. Nc3 Nc6 3. Bc4 Nf6 4. d3 Be7 5. f4 d6 6. Nf3 Bg4 7. h3 Bxf3 8. Qxf3 Nd4 9. Qf2 Nh5 10. h4 Nxc2+ 11. Qxc2 Bxh4+ 12. Kd1 exf4 13. Nd5 g5 14. Qc3 0-0 15. b4 h6 16. Bb2 Kh7 17. Rxh4 gxh4 18. Nxf4 Qg5 19. Nxh5 Qxh5+ 20. Kc2 Qe2+ 21. Qd2 Qxd2+ 22. Kxd2 Rg8 23. Rh1 Rxg2+ 24. Kc3 Kg6 25. Rxh4 h5 26. Rf4 Rf8 27. Kb3 f6 28. Be6 Kg5 29. Bc1 Kg6 30. Bf5+ Kg7 31. Rh4 Rh8 32. a4 Rg1 33. Bb2 Rg3 34. Kc4 Kf7 35. a5 c6 36. Bc1 Rg2 37. Be3 a6 38. d4 Rc2+ 39. Kb3 Rg2 40. Bf4 d5 41. e5 fxe5 42. dxe5 Rg1 43. Kc3 Rd1 44. Bg4 Kg6 45. Bxd1 1-0

[Event "Barcelona Tres Peons-A 20th"]
[Site "Barcelona"]
[Date "2018.01.31"]
[Round "4.4"]
[White "Mut Company, Guillem Joan"]
[Black "Jimenez Ruano, Adrian"]
[Result "0-1"]
[WhiteElo "1927"]
[BlackElo "2240"]
[PlyCount "70"]
[EventDate "2018.01.10"]
[EventType "swiss"]
[EventRounds "9"]
[EventCountry "ESP"]
[SourceTitle "EXT 2024"]
[Source "ChessBase"]
[SourceDate "2023.10.10"]
[SourceVersion "1"]
[SourceVersionDate "2023.10.10"]
[SourceQuality "1"]

1. e4 c5 2. Nf3 d6 3. d4 cxd4 4. Nxd4 Nf6 5. Nc3 a6 6. h3 e5 7. Nde2 h5 8. g3 g6 9. Bg2 Bg7 10. Bg5 Be6 11. 0-0 0-0 12. Qd2 Qd7 13. Kh2 Nh7 14. Be3 a5 15. Rad1 Ra6 16. a4 Rd8 17. b3 Nc6 18. Nb5 Ne7 19. c4 f5 20. Nec3 Bf6 21. Nd5 Bxd5 22. cxd5 fxe4 23. Rc1 Raa8 24. Rc7 Qf5 25. f3 exf3 26. Rxf3 Qb1 27. Bh6 Rac8 28. Qxa5 Nf5 29. Rxc8 Rxc8 30. Rc3 Rd8 31. Bd2 Rf8 32. Na3 Qa2 33. Nc4 Nd4 34. Rd3 Qb1 35. Qc3 Ne2 0-1

[Event "Barcelona CC 4th"]
[Site "Barcelona"]
[Date "2016.10.24"]
[Round "2.3"]
[White "Mut Company, Guillem Joan"]
[Black "Rodriguez Isern, Bernat"]
[Result "1-0"]
[WhiteElo "2126"]
[BlackElo "2013"]
[PlyCount "66"]
[EventDate "2016.10.17"]
[EventType "swiss"]
[EventRounds "8"]
[EventCountry "ESP"]
[SourceTitle "EXT 2024"]
[Source "ChessBase"]
[SourceDate "2023.10.10"]
[SourceVersion "1"]
[SourceVersionDate "2023.10.10"]
[SourceQuality "1"]

1. e4 e5 2. Nc3 Nc6 3. Bc4 Bc5 4. Qg4 g6 5. Qg3 Nf6 6. d3 Nh5 7. Qf3 0-0 8. Nd5 Nd4 9. Qd1 c6 10. Ne3 b5 11. Bb3 Nxb3 12. axb3 d5 13. exd5 cxd5 14. Qf3 Bb7 15. Nh3 f5 16. 0-0 Qd7 17. Qe2 e4 18. Rd1 f4 19. Ng4 f3 20. Nh6+ Kg7 21. Qe1 d4 22. dxe4 Rae8 23. Qd2 fxg2 24. Nf5+ Kh8 25. c3 Bxe4 26. cxd4 Bxf5 27. Qc3 Bxh3 28. dxc5+ Ng7 29. Rxd7 Bxd7 30. Rxa7 Re7 31. Be3 Kg8 32. b4 Rxe3 33. Qxe3 Bc6 1-0

[Event "Calvia Amateur op 13th"]
[Site "Calvia"]
[Date "2016.10.15"]
[Round "8"]
[White "Reuker, Jari"]
[Black "Mut Company, Guillem Joan"]
[Result "1-0"]
[WhiteElo "2269"]
[BlackElo "1980"]
[PlyCount "71"]
[EventDate "2016.10.08"]
[EventType "swiss"]
[EventRounds "9"]
[EventCountry "ESP"]
[SourceTitle "CBM 175 Extra"]
[Source "ChessBase"]
[SourceDate "2016.12.12"]
[SourceVersion "1"]
[SourceVersionDate "2016.12.12"]
[SourceQuality "1"]

1. e4 c6 2. d4 d5 3. e5 c5 4. dxc5 Nc6 5. Nf3 Bg4 6. c3 e6 7. Be3 Nge7 8. Nbd2 g6 9. Be2 Bg7 10. 0-0 0-0 11. Bd4 Qc7 12. Re1 Bxf3 13. Nxf3 Nxe5 14. Nxe5 Bxe5 15. Bxe5 Qxe5 16. Rc1 Qc7 17. b4 a5 18. Qb3 Qc6 19. a3 axb4 20. axb4 Qa4 21. Qb2 Qa2 22. Rc2 Qxb2 23. Rxb2 Ra3 24. c4 Rfa8 25. cxd5 Nxd5 26. Bf3 Rd3 27. Kf1 Ra4 28. b5 Rc4 29. Be2 Nf4 30. c6 b6 31. Ra1 Nxe2 32. Kxe2 Rd8 33. Ra6 Rb8 34. Rba2 Rd4 35. c7 Rc8 36. Ra8 1-0

[Event "Barcelona Sants op-B 18th"]
[Site "Barcelona"]
[Date "2016.08.21"]
[Round "3"]
[White "Mut Company, Guillem Joan"]
[Black "Flores Mendoza, Jose Antonio"]
[Result "1-0"]
[WhiteElo "1976"]
[BlackElo "1881"]
[PlyCount "55"]
[EventDate "2016.08.19"]
[EventType "swiss"]
[EventRounds "10"]
[EventCountry "ESP"]
[SourceTitle "CBM 174 Extra"]
[Source "ChessBase"]
[SourceDate "2016.10.10"]
[SourceVersion "1"]
[SourceVersionDate "2016.10.10"]
[SourceQuality "1"]

1. d4 d5 2. c4 c6 3. Nc3 e6 4. Nf3 f5 5. Bf4 Nf6 6. e3 Bb4 7. Bd3 Qa5 8. Qc2 dxc4 9. Bxc4 Ne4 10. Rc1 Bd6 11. 0-0 Bxf4 12. exf4 Nf6 13. Rfe1 0-0 14. Bxe6+ Bxe6 15. Rxe6 Nbd7 16. Qb3 Kh8 17. Rce1 Nb6 18. Re7 Rab8 19. R1e5 Nfd5 20. Ng5 Qa6 21. Nf7+ Kg8 22. Nxd5 cxd5 23. Rxd5 Qc4 24. Qxc4 Nxc4 25. Rdd7 Rfc8 26. Ng5 Nd6 27. Rxg7+ Kf8 28. Ne6+ 1-0

[Event "Barcelona Tres Peons-E 45th"]
[Site "Barcelona"]
[Date "2016.06.03"]
[Round "8.5"]
[White "Mut Company, Guillem Joan"]
[Black "Mansilla Lou, Lluis"]
[Result "0-1"]
[WhiteElo "1958"]
[BlackElo "1938"]
[PlyCount "94"]
[EventDate "2016.04.15"]
[EventType "swiss"]
[EventRounds "9"]
[EventCountry "ESP"]
[SourceTitle "EXT 2024"]
[Source "ChessBase"]
[SourceDate "2023.10.10"]
[SourceVersion "1"]
[SourceVersionDate "2023.10.10"]
[SourceQuality "1"]

1. d4 Nf6 2. c4 e6 3. Nc3 Bb4 4. f3 c5 5. d5 b5 6. e4 bxc4 7. Bxc4 Ba6 8. Bxa6 Nxa6 9. dxe6 fxe6 10. Nge2 c4 11. 0-0 Bc5+ 12. Kh1 Nb4 13. Na4 Be7 14. e5 Nfd5 15. Bd2 0-0 16. Nac3 Qb6 17. Nxd5 Nxd5 18. Nc3 Qxb2 19. Nxd5 exd5 20. f4 d4 21. Be1 Rac8 22. Rf2 Qb6 23. Rb1 Qc6 24. Qxd4 Bh4 25. Rc2 Bxe1 26. Rxe1 Rc7 27. Rec1 Rfc8 28. h3 Kf8 29. f5 Qc5 30. Qf4 Qd5 31. Rd2 Qf7 32. Qh4 Re8 33. Qd4 Qe7 34. Re2 Qc5 35. Qf4 Kg8 36. f6 Rf8 37. Qg5 d6 38. fxg7 Rxg7 39. Qe3 Qxe3 40. Rxe3 d5 41. Re2 Kf7 42. Rf1+ Ke7 43. Rxf8 Kxf8 44. Rd2 Rd7 45. Kg1 c3 46. Rc2 d4 47. Kf1 d3 0-1

[Event "Barcelona Tres Peons-E 45th"]
[Site "Barcelona"]
[Date "2016.05.20"]
[Round "6.5"]
[White "Ros Montes, Daniel"]
[Black "Mut Company, Guillem Joan"]
[Result "1-0"]
[WhiteElo "1833"]
[BlackElo "1958"]
[PlyCount "75"]
[EventDate "2016.04.15"]
[EventType "swiss"]
[EventRounds "9"]
[EventCountry "ESP"]
[SourceTitle "EXT 2024"]
[Source "ChessBase"]
[SourceDate "2023.10.10"]
[SourceVersion "1"]
[SourceVersionDate "2023.10.10"]
[SourceQuality "1"]

1. e4 c6 2. d4 d5 3. e5 c5 4. Nf3 Bg4 5. dxc5 Nc6 6. c3 e6 7. b4 a5 8. Bb5 Nge7 9. Nbd2 axb4 10. cxb4 Ng6 11. h3 Bxf3 12. Nxf3 Be7 13. 0-0 0-0 14. Bxc6 bxc6 15. Re1 Qb8 16. Bd2 Ra3 17. Qe2 Bd8 18. Nd4 Ne7 19. Qg4 Qa8 20. Bg5 Ng6 21. Bc1 Ra4 22. a3 Bc7 23. f4 Rxb4 24. axb4 Qxa1 25. Nxe6 fxe6 26. Qxe6+ Kh8 27. Qxc6 Nxf4 28. Qxc7 Qd4+ 29. Kh2 Qf2 30. Bxf4 Qxf4+ 31. Kh1 Qxb4 32. Rd1 Qb3 33. Rd2 Qc4 34. Rf2 Rg8 35. e6 Qe4 36. Qf7 Qe1+ 37. Rf1 Qe4 38. e7 1-0